| 000 | 00417nam a22001577a 4500 | ||
|---|---|---|---|
| 003 | sisc | ||
| 005 | 20160815093837.0 | ||
| 008 | 160815b xxu||||| |||| 00| 0 eng d | ||
| 020 | _a9789715119627 | ||
| 050 |
_aBV 4870 _b.T121 1993 |
||
| 100 | _aTada, Joni Eareckson. | ||
| 245 |
_aDiamonds in the dust / _cJoni Eareckson Tada. |
||
| 260 |
_aManila : _bOMF Literature, _c1993. |
||
| 300 | _c21 cm. | ||
| 942 |
_2lcc _cBK |
||
| 999 |
_c300490 _d300490 |
||